Alle supermarktketens in Nederland - Statistieken

Algemene statistieken
  • Deze quiz is 219 keer genomen
  • De gemiddelde score is 8 van 21
Antwoordstatistieken
Antwoord Filialen % Correct
Jumbo 672
96%
Albert Heijn 995
94%
Aldi 520
86%
Lidl 418
83%
Dirk 120
75%
Plus 260
73%
Spar 302
65%
Coop 314
63%
Hoogvliet 70
37%
DekaMarkt 99
33%
Vomar 71
26%
Boni 43
23%
Jan Linders 59
22%
Makro 17
14%
Sligro 50
13%
Boon's Markt 11
11%
Picnic 37 DC
10%
EkoPlaza 75
9%
Dagwinkel 104
4%
Odin 24
3%
Budget Food 13
1%
Geen overeenkomende quizzen gevonden
Scoreverdeling
Procent van Mensen met Elke Score
Percentiel versus Aantal Correcte Antwoorden
Uw Scoregeschiedenis
U heeft deze quiz nog niet genomen